00947nam a2200277 a 450000100060000000300080000600500170001400800410003102000170007203500190008904000250010804100080013308200260014110000270016724500640019425000120025826000380027030000250030849000390033365100540037270000280042683000470045494200120050199900170051395201390053063109BD-RjUL20211209081148.0170128s1970 enk 000 1 eng d a0701116803 : a(BD-RjUL)63237 aLCbengcLCdBD-RjUL1 aeng00a843.912223bPRT 19701 aProust, Marcel918777410aTime regained /cMarcel Proust, translated by Andreas Mayor a1st ed. aLondon :bChatto & Windus,c1970. axv, 474 p. ;c21 cm.0 aRemembrance of things past.vv. 12 0aFrancexSocial life and customsxFiction.9187775 aMayor, Andreas 9187776 aRemembrance of things past.vv. 129187779 2ddccBK c63109d63109 00102ddc40718NFICaRUCLbRUCLcReadingd1973-02-27eBlackwellg1.50l0o843.912 PRT 1970r2017-01-28 00:00:00tC-1w2017-01-28yBK